000 00657nam a22002177a 4500
999 _c360637
_d360637
001 74347
003 UA-OsUOA
005 20200125225647.0
007 ta
008 20110405b un ||||| |||| 00| 0 ukr d
040 _aUA-OsUOA
_bukr
_cUA-OsUOA
_dUA-OsUOA
041 _aukr
080 _a94(477) "18/19"
090 _a94(477) "18/19"
_bП78
245 _aПроблеми історії України ХІХ - початку ХХ ст.
_cгол. редкол. О. П. Реєнт
260 _aК.
_bІІУ НАНУ
_c2007
300 _a233 с.
650 7 _a9 Географія. Біографії. Історія
_2UDC
942 _cBK
_2udc
955 _a2